Anticoncepció, malalties de transmissió sexual /
Descripción Física:
36 pàgines ; 17 x 25 cm
Idioma:
Catalán
MARC
| LEADER | 00000nam a2200000 a 4500 | ||
|---|---|---|---|
| 001 | 26714 | ||
| 005 | 20260324181141.0 | ||
| 008 | 991029s1999 spc|||||| o000 ||cat | ||
| 017 | |a DL B. 35851-1999 |b Biblioteca de Catalunya | ||
| 080 | |a FU-73-1 | ||
| 245 | 0 | 0 | |a Anticoncepció, malalties de transmissió sexual / |c coordinació i redacció: Margarita Méndez, Rosa Ros ; il·lustracions: Mariel Soria |
| 250 | |a Edició no venal | ||
| 260 | |a Barcelona : |b Diputació de Barcelona, Servei de Salut Pública i Consum, |c 1999 | ||
| 300 | |a 36 pàgines ; |c 17 x 25 cm | ||
| 650 | 0 | |a Joves |x Conducta sexual |2 Arxiu |9 31476 | |
| 650 | 0 | |a Contracepció |2 Arxiu |9 33346 | |
| 650 | 0 | |a Malalties de transmissió sexual |2 Arxiu |9 44684 | |
| 700 | |a Méndez, Margarita |e editor literari |9 1713 | ||
| 700 | |a Ros, Rosa |e editor literari |9 7719 | ||
| 700 | 0 | |a Mariel |e il·lustrador |9 44369 | |
| 710 | |a Barcelona (Catalunya : Província). |b Servei de Salut Pública i Consum |e entitat editora |9 8151 | ||
| 908 | |a BC |a UB | ||
| 940 | |a BC | ||
| 942 | |2 udc |c ARXIU |n 1 | ||
| 952 | |0 0 |1 0 |4 0 |6 FU731 |7 1 |9 63793 |a Arxiu |b Arxiu |d 2022-09-06 |o FU-73-1 |p 26714 |r 2022-09-06 00:00:00 |w 2022-09-06 |y ARXIU | ||
| 999 | |c 82641 |d 82641 | ||